Dates Histoire Romaine - Statistiques

Statistiques générales
  • Ce quiz a été pris 51 fois
    5 depuis la dernière actualisation
  • Le résultat moyen est 44 sur 120
Statistiques - réponses
Hint Réponse % Correct
Création des duumvirs navals 312/1
100%
Traité de paix avec Carthage 201
75%
Bataille de Zama =>Victoires de P. Cornelius Scipion en Espagne, en Sicile, puis en Afrique "l'africain" 202
75%
Lac Trasimène ⇒ temple de la Vénus de l’Éryx sur le capitole (déesse de Sicile) 21/06/217
75%
Cannes 216
75%
Dictature de Q. Fabius Maximus Cunctator = le Temporisateur. 217
75%
Plébiscite claudien : interdiction du commerce maritime aux sénateurs | Siège de Sagonte 218
75%
Guerre contre les Gaulois Sénons 284
75%
Loi Ogulnia => ouverture de (presque, sauf certN très spécifiques) toutes les prêtrises aux plébéiens (2 x 4 pontifes, 2 x 5 augures) ⇒ 2 collèges de prêtres maj = équilibrés entre patriciens et plébéiens, svt cons cme fin du conflit des ordres, concordia ordinum | Loi Valeria sur la provocation (1ère attestée) 300
75%
Séce° de la plèbe ⇒Législation licinio-sextienne en faveur de la plèbe (ouverture du consulat à la plèbe + mesures agraires (500 jug/125ha d'ager publicus max) et sur l’endettement (sup 1 partie des intérêts), tribuns = Caius Licinius Stolo & Lucius Sextius Lateranus 367
75%
lois et réformes condensées ds années ??? qui ft sauter les verrous ds partage des terres et des dettes + ouverture pol, en échange de quoi les plébéiens cessent leur pol d’obstruc° ⇒ retour des consuls 367/366
75%
Occupation de Rome par les Gaulois (386 selon Pol.) ⇐Défaite de l'Allia face aux Gaulois.- 390
75%
Séce° de la plèbe 449
75%
Refondation de la République=> 2e collège de décemvirs (Appius Claudius). Soulèvement populaire et retour au régime consulaire,Lois Valeriae-Horatiae (provocatio, plébicites, sacro-sainteté des élus). 450-449
75%
Séce° de la plèbe : Décemvirs à pouvoir consulaire chargés de la rédaction des lois => Loi des Douze Tables (modL grec ?). 451-450
75%
Première sécession de la plèbe⇒ premiers tribuns de la plèbe (2 au départ), premiers édiles de la plèbe, Temple de Cérès. 494
75%
Siège de Rome par Porsenna roi de Chiusi. 508
75%
fondation de la République=>avènement de la liberté (res publica libera), premiers consuls ; dédicace du Capitole ; première loi sur la provocatio ? (appel au peuple). Traces de destruction dans la zone du forum, de la Regia et à Sant'Omobono. | Traité entre Rome et Carthage (?) 509
75%
Date de la fonda° de Rome selon Varron (21 avril) 753
75%
expansion étrusqueSacra Via, Comitium, Curie, temple de Vesta… et regroupemt des habitants avt dispersés / pls collines (synoecisme ?) ⇒ = indices d’1 orga collective et d’1 fc°mt civique ds 2e ½ 7es au + tard. 7ème s
75%
Colonisa° grecque en Italie du sud, La route du sel (salaire) change de trajet, délaisse Albe pour Rome. 8ème s
75%
Châtiment de Capoue 211
50%
2e guerre punique (guerre d’Hannibal) => Hannibal en Italie + Guerre dans la péninsule Ibérique 218-201
50%
Fermeture des portes du Janus (= paix sur terre et sur mer), seule année de paix de l'entre 2 G. 235
50%
Les romains s’emparent de la Sardaigne et de la Corse, profitant des révoltes de mercenaires auxquelles fait face Carthage. 238
50%
Tragédies et comédies de Livius Andronicus (début de la littérature latine) 240
50%
Le nombre de 35 tribus est atteint (31 rustiques, 4 urbaines), bataille décisive des îles Aegates (Q. Lutatius Catulus) ⇒ fin 1e G Punique 241
50%
Création de la préture pérégrine (litiges avec les pérégrins = étrangers). 242
50%
bataille de Mylae, victoire de C. Duilius colonne rostrale, bataille symbolique mais victoire / la marine carthaginoise. 260
50%
1re guerre punique (« grande guerre de Sicile »). Hiéron de Syracuse allié de Rome. Régulus en Afrique. Batailles navales de Mylae, des îles Égates. 264-241
50%
soumission des cités grecques d'Italie du sud et des Italiques, pol militaire clairement offensive. 266
50%
Prise de Tarente, Pyrrhus échoue à freiner l’avancée romN ⇒Toute la péninsule est conquise. 272
50%
la cité de Thourioi = menacée / les Lucaniens (samnites) ⇒ intervention romaine 285
50%
fin du "conflit des ordres". Sécession de la plèbe (sur le Janicule). Loi Hortensia <= Hortensius : plébiscites (votés par les conciles de la plèbe) équivalents aux lois (votées / les comices centuriates). => entérine l’efficacité normative des plébiscites 287
50%
Dédicace du temple de Victoria au sommet SO du Palatin 294
50%
Victoire romaine à Sentinum sur Samnites, Gaulois, Étrusques, Ombriens. ⇒ Dévotion d'un Decius Mus 295
50%
invalidation du système censorial d’Appius Claudius Caecus mais Cnaeus Flavius, édile curule, poursuit l’oeuvre d’Appius Claudius Caecus (publication des actions de la loi et du calendrier judiciaire). 304
50%
Censure d'Appius Claudius Caecus. 312
50%
Fourches caudines 321
50%
abolition de la servitude pour dettes (nexum, loi Poetelia). 326/313
50%
1er préteur plébéien. 336
50%
hégémonie sur l'italie centrale (<=dissolution de la ligue latine, annexion des cités latines. Victoire d’Antium (➔rostres). 338
50%
Dévotion d’un Decius mus (bataille du Véséris) 340
50%
Guerre latine 340-338
50%
1er censeur plébéien 351
50%
Création de la préture = magistrature avec imperium mais qui comporte 1 dimen° judiciR particuliR + création édilité curule (les édiles plébéiens, assistants des tribuns pr q° d'admin° urbN existent depuis 493, réservés aux plébéiens). 366
50%
Victoire définitive sur Véies (Camille) et destruction de la ville. ⇒Accroissement du territoire romain et reprise des travaux publics. 396
50%
Création de deux censeurs = magistrature collégiale mais pas annuelle, ts les 5 ans 443
50%
abolition des restrictions du droit au mariage (plébiscite de Canuleius)Retour au pouvoir consulaire Création des tribuns militaires à pouvoir(s) consulaire(s) : besoins militaires et administratifs + un expédient politique 445
50%
Traité de Cassius (cos) avec les cités latines (foedus Cassianum) 493
50%
Victoire de Rome contre la Ligue latine au lac Régille 499/496
50%
Réorganisation de l'armée => armée manipulaire 4es
50%
Création de la dictature 501
50%
Progression des Samnites 5ème s
50%
La « grande Rome des Tarquins ». Enceinte « servienne », drainage du forum | Volonté de mainmise de Rome sur le Latium 6ème s
50%
création du denier d'argent v. 215/211
50%
fondation du temple de Fides (premier sanctuaire attribué à Numa) v. 250
50%
Cicéron 106-43
25%
codification du cursus honorum 180
25%
les rom1 veulent faire une alliance avec les grecs étoliens et les grecs macédoniens les avertissent de là où mènent de telles alliances 200
25%
Bataille du Métaure, mort de Hasdrubal, frère d'Hannibal 207
25%
2 préteurs supplémentaires, pour la Sardaigne-Corse (conquise en 238) et pour la Sicile (= 1e provinces) 227
25%
Paestum (Poseidonia) devient une colonie de droit latin. 273
25%
Dévotion d'un Decius mus en Apulie contre Pyrrus 279
25%
Guerre de Tarente. => Guerres de Pyrrhus en Italie et en Sicile 280-275
25%
Achèvement de la conquête de l'Italie 282-272
25%
Guerre samnite 3 298-290
25%
Traité avec Carthage 306
25%
Guerre samnite 2 326-304
25%
150.000 citoyens 337
25%
Guerre samnite 1 343-341
25%
Traité avec Carthage 348
25%
1er dictateur plébéien 356
25%
période où les magistrats ne st pas élus, = vacance des magistratures curules, les tribuns de la plèbe empêchent, par leur pv d’intercetio, le déroulement des élections tant que r n’est fait pr la plèbe ⇒ blocage des institutions. 370’s
25%
Manlius Capitolinus tente de devenir roi. 385/384
25%
Reprise de la guerre avec Véies ⇒ tribut, solde 405-396
25%
Arrivée d'Atta Clausus (Claudii). 504
25%
Tite Live 64-17 p.C
25%
les « argentiers » ont des boutiques sur le forum avant 310
25%
Quintus Fabius Pictor, 1er historien romainNaevius, poète et auteur de théâtre. Ennius, poète (Annales ; éloge de Scipion ; satires) Fin 3es
25%
naissance de la Nobilitas, statue du brutus capitolin, nécropole de Spinazzo à Paestum.Expansion romaine en Italie fin 4ème s début 3ème s
25%
construction du temple de Jupiter Capitolin fin 6ème s
25%
(re ?)construction de la Regia ; réaménagement du forum. fin 7ème s
25%
premier « pavement » du forum milieu 7ème s
25%
cippe du Lapis Niger v. 550
25%
2e Guerre de Macédoine (avec Philippe V) 200-197
0%
Polybe 203-126
0%
1e Guerre de Macédoine (avec Philippe V) 215-205
0%
Censure de Caius Flaminius (voie Flaminienne, cirque Flaminien) 220-219
0%
Guerre avec les Gaulois d'Italie. Victoire romaine de Clastidium 225-222
0%
Guerres d'Illyrie 229-228 +219
0%
complot de 3000 esclaves 259
0%
Début d’un monnayage régulier 270
0%
Plat de Capène 2e ¼ du 3es
0%
Victoire de Rome sur les Étrusques 308
0%
Création de ≃25 colonies de colonies latines, de colonies de citoyens romains, de municipes de citoyens romains. 334-184
0%
Tjrs au - 1 censeur plébéien (parité du censorat) 339
0%
1 des 2 consuls doit être plébéien (parité du consulat) 342
0%
1ère attesta° de la taxe / l’affranchissemt (manumission) 357
0%
plusieurs guerres romano étrusques 358-308
0%
Tombe François (Vulci)] (jolie tombe étrusque) 3e ¼ 4ème s
0%
Intégration de libertinis (élites non romaines) dans la NobilitasPhase de stabilité après 2 siècles de conflits internes, stabilisation des conflits et mise en place (certaine) des institutions. 3es
0%
Régime consulaire suspendu (tribuns militaires à pouvoir consulaire), = 1 période d'anarchie (au sens antique: pas de magistrature curule+ = discutée) et de dictatures (cf Camille, vainqueur de Véies, héros ctr gaulois, sauveur de Rome, mais nmi de la plèbe) 426-367
0%
Reprise de la guerre avec Véies ⇒ tribut, solde 437-426
0%
Spurius Maelius tente de devenir roi. 440/439
0%
Plutarque 46-≃120 (p.C.)
0%
tribunat de Caius Terentilius Harsa 462/461
0%
défaite du Crémère 477
0%
Guerre contre Véies 483-474
0%
Spurius Cassius = aspirant à la royauté (adfectatio regni (tentative de devenir roi)) 486/485
0%
Épisode de Coriolan 492/488
0%
(phase Latial 2B, années xxx-xxx) : déplacement de la nécropole du forum de la colline du Palatin pour celles de Velia et de l’Esquilin⇒ signe d’occupation d’un espace qui ne peut dès lors plus accueillir de morts. 830-770
0%
tombes “princiR” : opulence, matériL de banquet + orientalisantes. ⇒ 2nde ½ VIII s. Émergence d'une aristocratie 8ème et 7ème s
0%
traces de transhumance sur le site ⇐ mvts pastoralistes et commerciaux. 9ème et 8ème s
0%
- Reconstruction de l'enceinte. - Distribution de terres. 1er municipe Début 4ème s
0%
Denys d'Halicarnasse v. 60 a.C.,-début du 1er s p.C
0%
Aucun quiz correspondant
Distribution des résultats
% des personnes avec chaque résultat
Percentile par nombre de réponses
Votre historique - résultats
Vous n’avez pas pris ce quiz depuis la dernière actualisation